[Event "Tourn. n8492"]
[Site "www.chess-mail.com"]
[Date "2016.01.28"]
[Round "1"]
[White "Emiondi"]
[Black "Faerieking"]
[WhiteElo "2219"]
[BlackElo "2270"]
[Result "0-1"]
[Round "1"]
1.d4 Ng8f6
2.c4 e6
3.Nb1c3 Bf8b4
4.Bc1g5 h6
5.Bg5h4 g5
6.Bh4g3 Nf6e4
7.Qd1c2 d5
8.Ng1f3 Nb8d7
9.e3 h5
10.h4 g4
11.Nf3d2 Bb4xc3
12.bxc3 Ne4xg3
13.fxg3 c6
14.Qc2d3 dxc4
15.Qd3xc4 Nd7b6
16.Qc4d3 f5
17.e4 O-O
18.e5 Nb6d5
19.Nd2c4 b5
20.Nc4d6 Qd8a5
21.Kd2 Bc8d7
22.Nd6b7 Qa5a3
23.Bf1e2 b4
24.c4 Qa3b2
25.Qd3c2 Qb2xd4
26.Qc2d3 Qd4b2
27.Qd3c2 Qb2xe5
28.cxd5 cxd5
29.Qc2d3 a5
30.Nb7c5 Bd7c6
31.Nc5b3 Bc6a4
32.Ra1c1 Ba4xb3
33.Qd3xb3 Rf8c8
34.Be2b5 Qe5d4
35.Qb3d3 Qd4f2
36.Qd3e2 Qf2d4
37.Qe2d3 Qd4b2
38.Rc1c2 Rc8xc2
39.Qd3xc2 Qb2xc2
40.Kxc2 Ra8c8
41.Kd2 Rc8c3
42.Bb5d3 Kf7
43.Rh1b1 Kf6
44.Rb1b2 e5
{ resign }
0-1

[Event "Tourn. n8425"]
[Site "www.chess-mail.com"]
[Date "2016.01.28"]
[Round "1"]
[White "Tartan"]
[Black "Nimzo"]
[WhiteElo "2450"]
[BlackElo "2820"]
[Result "0-1"]
[Round "1"]
1.d4 d5
2.c4 e6
3.cxd5 exd5
4.Nb1c3 c6
5.Ng1f3 Bc8f5
6.Bc1g5 Qd8b6
7.Qd1d2 Nb8d7
8.e3 Ng8f6
9.Bf1d3 Bf5xd3
10.Qd2xd3 Bf8d6
11.O-O O-O
12.Bg5xf6 Nd7xf6
13.Qd3c2 Rf8e8
14.a3 Qb6c7
15.Rf1d1 Nf6e4
16.Ra1c1 Ne4xc3
17.Qc2xc3 Re8e6
18.Qc3c2 a6
19.h3 Ra8e8
20.Nf3h4 Qc7d7
21.Qc2f5 g6
22.Qf5c2 Re6f6
23.Qc2e2 g5
24.Nh4f3 Rf6g6
25.Nf3d2 Kh8
 { time }
0-1

[Event "Tourn. n8558"]
[Site "www.chess-mail.com"]
[Date "2016.01.28"]
[Round "1"]
[White "Seger"]
[Black "Darko10"]
[WhiteElo "2740"]
[BlackElo "2510"]
[Result "1-0"]
[Round "1"]
1.c4 g6
2.d4 Bf8g7
3.e4 d6
4.Nb1c3 e5
5.d5 Nb8d7
6.Bf1d3 Ng8e7
7.h4 Nd7f6
8.f3 O-O
9.Ng1e2 c6
10.a4 Qd8a5
11.Bc1e3 c5
12.Qd1d2 Rf8e8
13.h5 Nf6xh5
14.g4 Nh5f6
15.Ne2g3 Bc8xg4
16.fxg4 Nf6xg4
17.O-O-O Ng4xe3
18.Qd2xe3 b5
19.axb5 a6
20.Rh1h6 axb5
21.Rd1h1 f5
22.exf5 e4
23.f6 Ne7f5
24.Rh6xh7 exd3
25.Ng3xf5 Qa5a1
26.Nc3b1 Qa1xb2
27.Kxb2 Bg7xf6
28.Kc1 Re8xe3
29.Nf5xe3 Ra8a2
30.cxb5 Bf6d4
31.Rh7h3 c4
32.Rh1g1 c3
33.Rg1xg6 Kf7
34.Rg6g4 Bd4e5
35.Rh3f3 Ke7
36.Ne3f5 Kd7
37.Rf3xd3 { resign }
1-0

[Event "Tourn. n8549"]
[Site "www.chess-mail.com"]
[Date "2016.01.28"]
[Round "1"]
[White "Tonino1"]
[Black "Genius7"]
[WhiteElo "2050"]
[BlackElo "2160"]
[Result "1/2-1/2"]
[Round "1"]
1.d4 d5
2.Ng1f3 c6
3.e3 Bc8f5
4.Bf1d3 Bf5xd3
5.cxd3 Nb8d7
6.b3 Ng8f6
7.Bc1b2 e6
8.Nb1d2 Bf8d6
9.O-O O-O
10.e4 dxe4
11.dxe4 Bd6b4
12.a3 Bb4xd2
13.Nf3xd2 Qd8e7
14.f4 Nd7b6
15.Qd1e2 Nf6d7
16.e5 Nb6d5
17.Nd2e4 c5
18.Ne4d6 cxd4
19.Bb2xd4 b6
20.Ra1c1 f5
21.Rc1c2 Rf8d8
{ draw }
1/2-1/2

[Event "Tourn. n8562"]
[Site "www.chess-mail.com"]
[Date "2016.01.28"]
[Round "1"]
[White "Gatrooper"]
[Black "Cal"]
[WhiteElo "1640"]
[BlackElo "1540"]
[Result "1-0"]
[Round "1"]
1.e4 e5
2.a3 a6
3.d3 h6
4.h3 Ng8f6
5.Nb1c3 c6
6.Ng1f3 b5
7.Nf3xe5 Bf8d6
8.Ne5f3 O-O
9.e5 Rf8e8
10.d4 Nf6h7
11.Bc1e3 Bd6c7
12.Nc3e4 Bc7a5
13.b4 Ba5b6
14.Ne4d6 Re8e6
15.Nf3h4 Bb6c7
16.Qd1h5 Bc7xd6
17.Nh4f5 Bd6c7
18.Qh5g4 Re6g6
19.Qg4f3 d5
20.Bf1d3 Bc8xf5
21.Bd3xf5 Nh7g5
22.Be3xg5 Rg6xg5
23.h4 Rg5xf5
24.Qf3xf5 Qd8e7
25.Rh1h3 Bc7b6
26.c3 Nb8d7
27.Rh3g3 Ra8f8
28.Qf5h5 Kh7
29.Qh5g4 g6
30.h5 g5
31.f4 f5
32.Qg4f3 g4
33.Qf3d3 Qe7h4
34.O-O-O Qh4xh5
35.Rg3e3 a5
36.bxa5 Bb6xa5
37.g3 Rf8b8
38.Re3e2 Qh5f7
39.e6 Qf7e7
40.exd7 Qe7xd7
41.Rd1e1 Ba5d8
42.Kd2 Bd8f6
43.Re2e6 Kg6
44.Re1e5 Kf7
45.Re5e1 Kg6
46.Re1e5 Rb8a8
47.Qd3xf5 Kg7
48.Qf5xf6 Kg8
49.Qf6xh6 Qd7f7
50.Re6g6 Qf7xg6
51.Qh6xg6 Kf8
52.Qg6f6 { resign }
1-0

[Event "Tourn. n8509"]
[Site "www.chess-mail.com"]
[Date "2016.01.28"]
[Round "1"]
[White "Luban"]
[Black "Cardiff"]
[WhiteElo "1980"]
[BlackElo "1950"]
[Result "0-1"]
[Round "1"]
1.d4 d5
2.Ng1f3 Ng8f6
3.h3 g6
4.e3 Bf8g7
5.c4 O-O
6.Nb1c3 c6
7.Bf1d3 dxc4
8.Bd3xc4 Nf6d5
9.e4 Nd5xc3
10.bxc3 b5
11.Bc4e2 Bc8b7
12.Bc1b2 a6
13.O-O e6
14.Ra1b1 Nb8d7
15.Qd1c2 Qd8c7
16.Bb2a3 c5
17.d5 exd5
18.exd5 Bb7xd5
19.Rb1d1 Nd7f6
20.Nf3d2 Rf8e8
21.Be2f3 Bd5xf3
22.Nd2xf3 Ra8d8
23.Ba3b2 c4
24.Bb2a3 Rd8xd1
25.Rf1xd1 h6
26.Ba3d6 Qc7c6
27.Nf3e5 Qc6e4
28.Qc2d2 Re8xe5
29.Bd6xe5 Qe4xe5
{ resign }
0-1

[Event "Tourn. n8525"]
[Site "www.chess-mail.com"]
[Date "2016.01.28"]
[Round "1"]
[White "Norlavuaram"]
[Black "Genius7"]
[WhiteElo "2180"]
[BlackElo "2100"]
[Result "1/2-1/2"]
[Round "1"]
1.e4 Ng8f6
2.e5 Nf6d5
3.d4 d6
4.c4 Nd5b6
5.exd6 exd6
6.Nb1c3 Bf8e7
7.Ng1f3 O-O
8.Bf1e2 Bc8g4
9.Qd1d3 Nb8c6
10.O-O Be7f6
11.d5 Bg4xf3
12.Be2xf3 Nc6e5
13.Qd3d1 Nb6xc4
14.Rf1e1 Ne5xf3
15.Qd1xf3 Bf6xc3
16.Qf3xc3 Nc4b6
17.Qc3d3 Qd8f6
18.Ra1b1 Rf8e8
19.Bc1e3 Ra8d8
20.Be3d4 Qf6g6
21.Qd3xg6 hxg6
22.Bd4xb6 axb6
23.Kf1 Re8xe1
{ draw }
1/2-1/2

[Event "Tourn. n8555"]
[Site "www.chess-mail.com"]
[Date "2016.01.28"]
[Round "1"]
[White "Goosebumps"]
[Black "Terrible"]
[WhiteElo "2200"]
[BlackElo "2280"]
[Result "0-1"]
[Round "1"]
1.e4 e5
2.f4 exf4
3.Ng1f3 g5
4.Bf1c4 Bf8g7
5.d4 d6
6.h4 h6
7.c3 Nb8c6
8.g3 g4
9.O-O gxf3
10.Qd1xf3 Qd8f6
11.Bc1xf4 Bc8h3
12.Rf1f2 O-O-O
13.Nb1d2 Ng8e7
 { time }
0-1

[Event "Tourn. n8472"]
[Site "www.chess-mail.com"]
[Date "2016.01.28"]
[Round "1"]
[White "Wegaman"]
[Black "Goosebumps"]
[WhiteElo "1960"]
[BlackElo "2090"]
[Result "1-0"]
[Round "1"]
1.d4 Ng8f6
2.c4 c6
3.Nb1c3 d5
4.Bc1g5 e6
5.e3 Nb8d7
6.Ng1f3 h6
7.Bg5h4 Qd8c7
8.Bf1e2 a6
9.O-O Bf8e7
10.Rf1e1 O-O
11.Ra1c1 Rf8e8
12.b3 dxc4
13.bxc4 Nf6h5
14.Bh4xe7 Re8xe7
15.e4 Nh5f4
16.Be2f1 e5
17.d5 Qc7d6
18.g3 Nf4g6
19.Bf1g2 Nd7c5
20.Qd1c2 Qd6d7
21.Rc1d1 Re7e8
22.d6 f5
23.exf5 Qd7xf5
24.Qc2xf5 Bc8xf5
25.h3 Ra8d8
26.Nf3h2 Bf5d3
27.Nc3e4 Nc5xe4
28.Bg2xe4 Bd3xe4
29.Re1xe4 c5
30.Nh2g4 Re8e6
31.d7 Kf7
32.Rd1d5 b6
33.h4 Ke7
34.Ng4xe5 Ng6xe5
35.Re4xe5 Rd8xd7
36.Rd5xd7 Kxd7
37.Re5d5  { time }
1-0

[Event "Tourn. n8438"]
[Site "www.chess-mail.com"]
[Date "2016.01.28"]
[Round "1"]
[White "Cardiff"]
[Black "Castletyme"]
[WhiteElo "1800"]
[BlackElo "1880"]
[Result "1/2-1/2"]
[Round "1"]
1.d4 d5
2.Ng1f3 Nb8c6
3.Bc1f4 Ng8f6
4.e3 Bc8g4
5.Bf1b5 Qd8d7
6.c3 Bg4xf3
7.Qd1xf3 O-O-O
8.Nb1d2 e6
9.O-O Kb8
10.b4 Ka8
11.Nd2b3 Rd8c8
12.a4 Nf6e4
13.Nb3a5 g5
14.Bf4g3 Ne4xc3
15.Rf1c1 Nc3xb5
16.Na5xc6 Nb5d6
17.Nc6e5 Qd7e8
18.b5 Nd6e4
19.Qf3xf7 Qe8xf7
20.Ne5xf7 Ne4xg3
21.hxg3 Rh8g8
22.Nf7e5 h5
23.Rc1c2 Bf8g7
24.Ne5d3 b6
25.Ra1c1 Kb7
26.Rc2c6 Rg8e8
27.Nd3b4 h4
28.gxh4 gxh4
29.Nb4a6 Re8e7
30.Rc1c2 e5
31.dxe5 Bg7xe5
32.f4 Be5f6
33.Kf2 Re7f7
34.Kf3 { draw }
1/2-1/2

[Event "Tourn. n8531"]
[Site "www.chess-mail.com"]
[Date "2016.01.28"]
[Round "1"]
[White "Norlavuaram"]
[Black "Genius7"]
[WhiteElo "2150"]
[BlackElo "2110"]
[Result "1/2-1/2"]
[Round "1"]
1.e4 e5
2.Ng1f3 Nb8c6
3.Bf1b5 d6
4.c3 Bc8d7
5.O-O Ng8f6
6.Rf1e1 Bf8e7
7.d4 exd4
8.cxd4 d5
9.exd5 Nf6xd5
10.Nb1c3 Nd5xc3
11.bxc3 O-O
12.Bc1f4 Be7f6
13.Ra1c1 a6
14.Bb5a4 Nc6e7
15.Ba4xd7 Qd8xd7
16.Qd1b3 Ne7d5
17.Bf4g3 c6
18.Nf3e5 Bf6xe5
19.Re1xe5 Rf8e8
20.Rc1e1 h6
{ draw }
1/2-1/2

[Event "Tourn. n8598"]
[Site "www.chess-mail.com"]
[Date "2016.01.28"]
[Round "1"]
[White "Vinvangogh"]
[Black "Caspito"]
[WhiteElo "1550"]
[BlackElo "1710"]
[Result "0-1"]
[Round "1"]
1.e4 e5
2.Bf1c4 Qd8f6
3.b3 Bf8c5
4.Ng1h3 d5
5.Bc4xd5 Bc8xh3
6.f3 Bh3xg2
7.Qd1e2 Bg2xh1
8.Qe2b5 Nb8d7
9.Qb5xb7 Ra8b8
10.Qb7xc7 Qf6h4
11.Kd1 Bh1xf3
{ resign }
0-1

[Event "Tourn. n8428"]
[Site "www.chess-mail.com"]
[Date "2016.01.28"]
[Round "1"]
[White "Ditto"]
[Black "Cardiff"]
[WhiteElo "1860"]
[BlackElo "1780"]
[Result "0-1"]
[Round "1"]
1.e4 g6
2.Nb1c3 Bf8g7
3.d4 d6
4.Ng1f3 Ng8f6
5.Bc1g5 h6
6.Bg5e3 Nf6g4
7.Be3f4 c6
8.Bf1c4 O-O
9.Qd1d2 e5
10.dxe5 dxe5
11.Bf4g3 Qd8e7
12.Bg3h4 g5
13.Bh4g3 Bc8e6
14.Bc4d3 f5
15.exf5 Be6xf5
16.Bd3c4 Kh8
17.O-O Nb8d7
18.Ra1d1 Nd7b6
19.Bc4b3 Ra8d8
20.Rf1e1 Rd8xd2
21.Rd1xd2 Rf8d8
22.Rd2e2 e4
23.h3 Ng4f6
24.Nf3e5 Nb6d5
25.Nc3b1 Kh7
26.Nb1d2 Nd5f4
27.Ne5c4 Nf4xe2
28.Re1xe2 Qe7c5
29.Nd2f1 Nf6h5
30.Bg3d6 Rd8xd6
31.Nc4xd6 Qc5xd6
32.c3 Nh5f4
33.Re2d2 Nf4d3
34.Nf1e3 Bf5g6
35.Ne3c4 Qd6f4
36.Nc4e3 { time. }
0-1

[Event "Tourn. n8525"]
[Site "www.chess-mail.com"]
[Date "2016.01.28"]
[Round "1"]
[White "Norlavuaram"]
[Black "Goosebumps"]
[WhiteElo "2180"]
[BlackElo "2180"]
[Result "1-0"]
[Round "1"]
1.e4 e5
2.Ng1f3 Nb8c6
3.Bf1b5 a6
4.Bb5a4 Ng8f6
5.d3 b5
6.Ba4b3 Bf8c5
7.c3 O-O
8.O-O Bc8b7
9.Rf1e1 h6
10.d4 exd4
11.cxd4 Bc5b6
12.e5 Nf6e8
13.Nb1c3 d6
14.d5 Nc6xe5
15.Nf3xe5 dxe5
16.Re1xe5 Bb6xf2
17.Kh1 Qd8h4
18.Re5e4 Qh4d8
19.Qd1h5 Ne8f6
20.Qh5f3 Nf6xe4
21.Nc3xe4 Qd8e7
22.Bc1f4 Rf8e8
23.Qf3xf2 Qe7xe4
24.Bf4xc7 Bb7xd5
25.h3 Bd5xb3
26.axb3 Re8c8
27.Ra1e1  { time }
1-0

[Event "Tourn. n8483"]
[Site "www.chess-mail.com"]
[Date "2016.01.28"]
[Round "1"]
[White "Goosebumps"]
[Black "Wwgia"]
[WhiteElo "2130"]
[BlackElo "2230"]
[Result "0-1"]
[Round "1"]
1.e4 c5
2.Nb1c3 Nb8c6
3.Ng1f3 g6
4.d4 cxd4
5.Nf3xd4 Bf8g7
6.Bc1e3 Ng8f6
7.f3 O-O
8.Nd4xc6 bxc6
9.Qd1d2 d5
10.O-O-O Qd8a5
11.exd5 cxd5
12.Kb1 Bc8e6
13.Be3h6 d4
14.Qd2xd4 Rf8d8
15.Qd4h4 Rd8xd1
16.Nc3xd1 Qa5xa2
17.Kc1 Ra8d8
18.Bf1d3 Qa2a1
19.Kd2 Bg7h8
20.Rh1e1 Nf6d5
21.Nd1e3 Qa1a5
22.Kc1 Nd5b4
23.Re1d1 Nb4a2
24.Kb1 Na2c3
25.Kc1 Qa5a1
26.Kd2 Nc3xd1
27.Qh4xe7 Qa1a5
28.Kxd1 Bh8xb2
 { time }
0-1

[Event "Tourn. n8528"]
[Site "www.chess-mail.com"]
[Date "2016.01.28"]
[Round "1"]
[White "Lino"]
[Black "Cathar"]
[WhiteElo "2360"]
[BlackElo "2300"]
[Result "0-1"]
[Round "1"]
1.e4 e5
2.Ng1f3 Nb8c6
3.Bf1b5 a6
4.Bb5a4 Ng8f6
5.O-O Bf8e7
6.Rf1e1 b5
7.Ba4b3 O-O
8.c3 d5
9.exd5 Nf6xd5
10.Nf3xe5 Nc6xe5
11.Re1xe5 c6
12.d3 Be7d6
13.Re5e1 Bc8f5
14.Qd1f3 Qd8f6
15.Nb1d2 Qf6g6
16.Bb3d1 Bf5xd3
17.Nd2e4 Bd3xe4
18.Qf3xe4 Qg6xe4
19.Re1xe4 Rf8e8
20.Re4xe8 Ra8xe8
21.Kf1 Bd6e5
22.Bc1d2 Re8d8
 { time }
0-1

[Event "Tourn. n8531"]
[Site "www.chess-mail.com"]
[Date "2016.01.28"]
[Round "1"]
[White "Norlavuaram"]
[Black "Goosebumps"]
[WhiteElo "2150"]
[BlackElo "2150"]
[Result "1-0"]
[Round "1"]
1.e4 d5
2.exd5 Qd8xd5
3.Nb1c3 Qd5a5
4.Ng1f3 c6
5.Bf1e2 Bc8f5
6.O-O Ng8f6
7.d4 e6
8.Bc1d2 Qa5c7
9.h3 Nb8d7
10.Nf3h4 Bf5g6
11.Nh4xg6 hxg6
12.Be2f3 O-O-O
13.Rf1e1 Bf8d6
14.a3 Nd7b6
15.b3 Nb6d5
16.Nc3xd5 Nf6xd5
17.c4 Nd5f4
18.b4 Qc7e7
19.Qd1c2 Qe7g5
20.Kf1 Qg5h4
21.Bd2xf4  { time }
1-0

[Event "Tourn. n8531"]
[Site "www.chess-mail.com"]
[Date "2016.01.28"]
[Round "1"]
[White "Goosebumps"]
[Black "Scasan55"]
[WhiteElo "2150"]
[BlackElo "2120"]
[Result "0-1"]
[Round "1"]
1.e4 c5
2.Ng1f3 d6
3.Nb1c3 a6
4.a4 Nb8c6
5.d4 cxd4
6.Nf3xd4 Nc6xd4
7.Qd1xd4 Ng8f6
8.Bc1g5 e5
9.Qd4d2 Bf8e7
10.O-O-O O-O
11.Bg5xf6 Be7xf6
12.Qd2xd6 Qd8xd6
13.Rd1xd6 Bc8e6
14.Bf1e2 Bf6g5
15.Kb1 Ra8b8
16.h4 Bg5e7
17.Rd6d1 Rf8d8
18.g4 Rd8xd1
19.Nc3xd1 Be7c5
 { time }
0-1

[Event "Tourn. n8553"]
[Site "www.chess-mail.com"]
[Date "2016.01.28"]
[Round "1"]
[White "Naujzaid"]
[Black "Goosebumps"]
[WhiteElo "2030"]
[BlackElo "2200"]
[Result "1-0"]
[Round "1"]
1.d4 b6
2.c4 Bc8b7
3.Nb1c3 Ng8f6
4.e3 e6
5.Ng1f3 d5
6.cxd5 Nf6xd5
7.Nc3xd5 Qd8xd5
8.Bf1e2 c5
9.O-O Nb8d7
10.dxc5 Bf8xc5
11.Qd1xd5 Bb7xd5
12.Bc1d2  { time }
1-0

[Event "Tourn. n8553"]
[Site "www.chess-mail.com"]
[Date "2016.01.28"]
[Round "1"]
[White "Goosebumps"]
[Black "Tonino1"]
[WhiteElo "2200"]
[BlackElo "2070"]
[Result "0-1"]
[Round "1"]
1.e4 c5
2.Ng1f3 d6
3.Nb1c3 e6
4.d4 cxd4
5.Nf3xd4 Ng8f6
6.Bc1e3 Bf8e7
7.Bf1e2 O-O
8.Qd1d2 Nb8c6
9.O-O-O Nc6xd4
10.Be3xd4 e5
11.Bd4e3 Nf6g4
12.h3 Ng4xe3
13.fxe3 Bc8e6
14.Nc3d5 Be6xd5
15.exd5 Ra8c8
16.Kb1 f5
17.g4 f4
18.Rd1f1 fxe3
19.Qd2xe3 Qd8c7
20.Be2d3 Qc7c5
21.Qe3e4 g6
 { time }
0-1

[Event "Tourn. n8504"]
[Site "www.chess-mail.com"]
[Date "2016.01.28"]
[Round "1"]
[White "Norlavuaram"]
[Black "Goosebumps"]
[WhiteElo "2260"]
[BlackElo "2200"]
[Result "1-0"]
[Round "1"]
1.e4 c5
2.Ng1f3 d6
3.Bf1b5 Bc8d7
4.Bb5xd7 Qd8xd7
5.c4 g6
6.O-O Bf8g7
7.d3 f5
8.Nb1c3 Nb8c6
9.Bc1d2 fxe4
10.dxe4 Ng8f6
11.Rf1e1 O-O
12.Bd2g5 e6
13.Qd1d2 a6
14.Ra1d1 Nf6e8
15.e5 Nc6d4
16.Nc3e4 dxe5
17.Nf3xd4 cxd4
18.b3 Ne8d6
19.Ne4c5 Qd7f7
20.Bg5h4 Ra8c8
21.Nc5e4 Nd6f5
22.Bh4g3 Rc8d8
23.Ne4c5 Nf5xg3
24.hxg3 Rd8c8
25.Nc5e4 Qf7d7
26.Qd2d3 Qd7c6
27.f3 b6
28.g4 Rc8b8
29.Rd1c1 Rf8c8
30.c5 bxc5
31.Rc1xc5 Qc6b7
32.Re1c1  { time }
1-0

[Event "Tourn. n8573"]
[Site "www.chess-mail.com"]
[Date "2016.01.28"]
[Round "1"]
[White "Goosebumps"]
[Black "Libiesse"]
[WhiteElo "2200"]
[BlackElo "2000"]
[Result "0-1"]
[Round "1"]
1.e4 c5
2.Ng1f3 e6
3.d4 cxd4
4.Nf3xd4 Nb8c6
5.Nb1c3 Ng8f6
6.Bc1e3 Bf8b4
7.Qd1d2 Nf6xe4
8.Qd2d3 Bb4xc3
9.bxc3 Ne4f6
10.Bf1e2 O-O
 { time }
0-1

[Event "Tourn. n8537"]
[Site "www.chess-mail.com"]
[Date "2016.01.28"]
[Round "1"]
[White "Goosebumps"]
[Black "Genius7"]
[WhiteElo "2150"]
[BlackElo "2140"]
[Result "0-1"]
[Round "1"]
1.Ng1f3 Ng8f6
2.c4 e6
3.g3 d5
4.cxd5 exd5
5.d4 Nf6e4
6.a3 Nb8c6
7.Nb1c3 Bf8e7
8.Bf1g2 O-O
9.O-O Be7f6
10.e3 Ne4xc3
11.bxc3 Bc8f5
12.Qd1b3 Ra8b8
13.Nf3e1 Bf5e6
14.Ne1d3 Bf6e7
 { time }
0-1

[Event "Tourn. n8517"]
[Site "www.chess-mail.com"]
[Date "2016.01.28"]
[Round "1"]
[White "Lino"]
[Black "Cathar"]
[WhiteElo "2330"]
[BlackElo "2300"]
[Result "0-1"]
[Round "1"]
1.e4 c5
2.Ng1f3 d6
3.d4 cxd4
4.Nf3xd4 Ng8f6
5.Nb1c3 a6
6.Bc1e3 e5
7.Nd4b3 Bf8e7
8.h3 Bc8e6
9.f4 exf4
10.Be3xf4 Nb8c6
11.Qd1e2 O-O
12.O-O-O Nf6e8
13.Kb1 Be7f6
14.Qe2e3 Bf6e5
15.g4 Qd8f6
16.Bf4xe5 Qf6xe5
17.g5 f5
18.Qe3b6 Ra8b8
19.exf5 Qe5xf5
20.Bf1g2 Nc6d8
21.Nc3e4 d5
22.Rh1f1 Qf5g6
23.Rf1xf8 Kxf8
24.Ne4c5 Be6f5
25.Qb6b4 Bf5xc2
 { time }
0-1

[Event "Tourn. n8530"]
[Site "www.chess-mail.com"]
[Date "2016.01.28"]
[Round "1"]
[White "Fred"]
[Black "Francesco"]
[WhiteElo "2020"]
[BlackElo "1960"]
[Result "1/2-1/2"]
[Round "1"]
1.e4 c6
2.f4 d5
3.e5 Bc8f5
4.Ng1f3 h6
5.d4 e6
6.Bf1d3 Bf5xd3
7.Qd1xd3 Nb8d7
8.Nb1c3 c5
9.Bc1e3 c4
10.Qd3e2 Ng8e7
11.O-O Ne7f5
12.Be3f2 Bf8e7
13.Nc3b5 a6
14.Nb5d6 Nf5xd6
15.exd6 Be7xd6
16.Nf3e5 Nd7xe5
17.fxe5 Bd6e7
18.Qe2g4 O-O
19.Bf2e3 Be7g5
20.Be3xg5 Qd8xg5
21.Qg4xg5 hxg5
22.c3 b5
23.h3 f5
24.Kh2 a5
25.b3 Rf8b8
26.g4 f4
27.h4 gxh4
28.Rf1xf4 g5
29.Rf4f6 Rb8e8
30.Rf6g6 Kh7
31.Rg6xg5 Re8g8
32.Rg5h5 Kg6
33.Rh5xh4 Kg5
34.Kg3 Rg8h8
35.Rh4xh8 Ra8xh8
36.Ra1f1 Rh8h4
37.Rf1f6 Rh4xg4
38.Kf3 cxb3
39.axb3 b4
40.cxb4 axb4
41.Rf6xe6 Rg4xd4
42.Re6b6 Rd4d3
43.Ke2 Rd3xb3
44.e6 Kf6
45.Rb6d6 Rb3c3
46.Rd6xd5 Kxe6
47.Rd5b5 Rc3c4
48.Kd3 Rc4h4
49.Kc2 Kd6
50.Kb3 Kc6
51.Rb5xb4 Rh4xb4
52.Kxb4 Kd5
{ draw }
1/2-1/2

[Event "Tourn. n8552"]
[Site "www.chess-mail.com"]
[Date "2016.01.28"]
[Round "1"]
[White "Expert"]
[Black "Tonino1"]
[WhiteElo "1920"]
[BlackElo "2010"]
[Result "0-1"]
[Round "1"]
1.c4 Ng8f6
2.Nb1c3 g6
3.d4 Bf8g7
4.e4 d6
5.f3 O-O
6.Bc1e3 e5
7.dxe5 dxe5
8.Qd1xd8 Rf8xd8
9.Nc3d5 Nf6xd5
10.cxd5 c6
11.Bf1c4 b6
12.Ng1e2 c5
13.O-O Bc8a6
14.Bc4xa6 Nb8xa6
15.a3 Na6c7
16.Rf1d1 Nc7b5
17.Ra1c1 Nb5d4
18.Ne2g3 h5
19.Ng3f1 Nd4e2
{ resign }
0-1

[Event "Tourn. n8502"]
[Site "www.chess-mail.com"]
[Date "2016.01.28"]
[Round "1"]
[White "Squimichele"]
[Black "Bevittsmith"]
[WhiteElo "2490"]
[BlackElo "2270"]
[Result "1-0"]
[Round "1"]
1.d4 Ng8f6
2.Ng1f3 g6
3.Bc1g5 Bf8g7
4.Nb1d2 d5
5.e3 Nb8d7
6.Bf1e2 O-O
7.O-O c5
8.c3 h6
9.Bg5h4 g5
10.Bh4g3 c4
11.Qd1c2 b5
12.a4 bxa4
13.e4 Nf6h5
14.exd5 Nh5xg3
15.hxg3 Nd7b6
16.Nd2xc4 Qd8xd5
17.Nf3e5 Ra8b8
18.Rf1e1 Bc8b7
19.Nc4e3 Qd5e6
20.Be2g4 Qe6b3
21.Qc2xb3 axb3
22.Ne3f5 Rf8e8
23.Ra1xa7 { resign }
1-0

[Event "Tourn. n8569"]
[Site "www.chess-mail.com"]
[Date "2016.01.28"]
[Round "1"]
[White "Seger"]
[Black "Goosebumps"]
[WhiteElo "2760"]
[BlackElo "2200"]
[Result "1-0"]
[Round "1"]
1.c4 Ng8f6
2.d4 e6
3.Ng1f3 b6
4.a3 d5
5.cxd5 Nf6xd5
6.e4 Nd5f6
7.Nb1c3 Bc8b7
8.Bf1d3 c5
9.d5 exd5
10.Bd3b5 Nb8d7
11.e5  { time }
1-0

[Event "Tourn. n8554"]
[Site "www.chess-mail.com"]
[Date "2016.01.28"]
[Round "1"]
[White "Gatrooper"]
[Black "Snoopy"]
[WhiteElo "1640"]
[BlackElo "1699"]
[Result "0-1"]
[Round "1"]
1.e4 b6
2.d4 Bc8b7
3.d5 e6
4.dxe6 fxe6
5.f3 Bf8c5
6.Nb1c3 Bc5xg1
7.Rh1xg1 Qd8h4
8.g3 Qh4xh2
9.Nc3e2 Bb7a6
10.Rg1g2 Qh2h5
11.Ne2f4 Qh5f7
12.c4 c5
13.Bf1e2 Nb8c6
14.Bc1e3 Ng8f6
15.Qd1d2 Nc6e5
16.b3 d5
17.cxd5 exd5
18.Be2xa6 Ne5xf3
19.Ke2 Nf3xd2
20.Be3xd2 O-O
21.Ra1f1 Nf6xe4
22.Ba6d3 Ra8e8
23.Bd3xe4 Re8xe4
24.Bd2e3 d4
25.Kf3 Re4xe3
26.Kf2 g5
27.Kg1 gxf4
28.gxf4 Kh8
29.f5 Rf8g8
30.Rf1f2 Re3e1
31.Rf2f1 Rg8xg2
32.Kxg2 Re1xf1
33.Kxf1 Qf7xf5
34.Kg2 d3
{ resign }
0-1

[Event "Tourn. n8555"]
[Site "www.chess-mail.com"]
[Date "2016.01.28"]
[Round "1"]
[White "Faerieking"]
[Black "Goosebumps"]
[WhiteElo "2280"]
[BlackElo "2200"]
[Result "1-0"]
[Round "1"]
1.e4 e6
2.d4 d5
3.Nb1c3 Ng8f6
4.Bc1g5 Bf8e7
5.e5 Nf6d7
6.h4 Be7xg5
7.hxg5 Qd8xg5
8.Ng1h3 Qg5e7
9.Nh3f4 c5
10.Nc3b5 Nb8a6
11.Nb5d6 Kf8
12.Bf1xa6 bxa6
13.c3 cxd4
14.cxd4 Qe7g5
15.Qd1f3 Nd7xe5
16.Qf3e3 h6
17.Nf4xe6 fxe6
18.Qe3xg5  { time }
1-0

[Event "Tourn. n8527"]
[Site "www.chess-mail.com"]
[Date "2016.01.28"]
[Round "1"]
[White "Goosebumps"]
[Black "Norlavuaram"]
[WhiteElo "2180"]
[BlackElo "2130"]
[Result "0-1"]
[Round "1"]
1.d4 Ng8f6
2.Nb1c3 g6
3.e4 d6
4.h3 Bf8g7
5.Ng1f3 O-O
6.Bc1e3 e5
7.dxe5 dxe5
8.Nf3xe5 Qd8xd1
9.Ra1xd1 Nf6xe4
10.Nc3xe4 Bg7xe5
11.Be3d4 Be5xd4
12.Rd1xd4 Nb8c6
13.Rd4d2 Bc8e6
14.a3 Ra8d8
15.Bf1e2 Rd8xd2
16.Ne4xd2 Rf8d8
17.Nd2f3 Nc6d4
18.Nf3xd4 Rd8xd4
19.O-O Rd4d2
20.Be2d3 c5
21.b3 a6
22.Rf1e1 b5
23.Re1c1 Be6xb3
24.Kf1 c4
25.Ke1 Rd2xd3
26.cxd3 cxd3
 { time }
0-1

[Event "Match"]
[Site "www.echecsemail.com"]
[Date "2016.01.28"]
[Round "1"]
[White "Forest"]
[Black "Goosebumps"]
[WhiteElo "1570"]
[BlackElo "2160"]
[Result "1-0"]
[Round "1"]
1.e4 e5
2.Ng1f3 Nb8c6
3.Bf1b5 a6
4.Bb5a4 Ng8f6
5.O-O b5
6.Ba4b3 Bf8c5
7.d3 O-O
8.c3 Bc8b7
9.Nb1d2 d5
10.exd5 Nf6xd5
11.Nd2e4 Bc5b6
12.Bb3c2 h6
13.Rf1e1 Rf8e8
14.a4 b4
15.Bc1d2 bxc3
16.Ne4xc3 Nd5xc3
17.Bd2xc3 f6
18.Qd1d2 Qd8e7
19.Ra1d1 Qe7f7
20.b4 Ra8d8
21.Qd2e2 Nc6d4
22.Bc3xd4 Bb7xf3
23.Qe2xf3 Bb6xd4
24.Rd1b1  { time }
1-0

[Event "Match"]
[Site "www.echecsemail.com"]
[Date "2016.01.28"]
[Round "1"]
[White "Delacey"]
[Black "Gilliere"]
[WhiteElo "1990"]
[BlackElo "1830"]
[Result "0-1"]
[Round "1"]
1.d4 Ng8f6
2.Nb1c3 g6
3.e4 d6
4.Bf1e2 Bf8g7
5.Ng1f3 Nb8d7
6.O-O O-O
7.Rf1e1 e5
8.d5 Rf8e8
9.Bc1g5 h6
10.Bg5d2 g5
11.h3 Nd7c5
12.Be2d3 Nc5xd3
13.cxd3 a6
14.Nf3xg5 hxg5
15.Bd2xg5 Qd8d7
16.Bg5xf6 Bg7xf6
17.Re1e3 Kf8
18.Qd1h5 Ke7
19.Re3f3 Re8h8
20.Qh5f5 Qd7xf5
21.exf5 Bc8d7
22.Nc3e4 Rh8h6
23.g4 Bf6h4
24.g5 Rh6h5
25.f6 Kf8
26.Kh2 Bh4xg5
27.Ne4xg5 Rh5xg5
28.Rf3g3 Rg5xg3
29.fxg3 Kg8
30.Ra1g1 Kh7
31.g4 Ra8g8
32.b3 Bd7b5
33.h4 Bb5xd3
34.g5 Kg6
35.a4 Bd3e4
36.Kg3 Be4xd5
37.b4 Bd5e4
38.Rg1c1 c6
39.b5 axb5
40.axb5 c5
41.Rc1a1 Rg8c8
42.Kg4 Be4f5
43.Kf3 d5
44.h5 Kxh5
45.Ra1h1 Kxg5
{ resign }
0-1

[Event "Match"]
[Site "www.echecsemail.com"]
[Date "2016.01.28"]
[Round "1"]
[White "Goosebumps"]
[Black "Comrade"]
[WhiteElo "2020"]
[BlackElo "2060"]
[Result "0-1"]
[Round "1"]
1.e4 c5
2.c3 d5
3.exd5 Qd8xd5
4.d4 cxd4
5.cxd4 e5
6.Qd1c2 Bf8b4
7.Bc1d2 Nb8c6
8.dxe5 Qd5xe5
9.Bf1e2 Bc8f5
10.Qc2c1 Nc6d4
11.Bd2xb4 Ra8c8
12.Qc1d1 Nd4c2
13.Kf1 Nc2xb4
14.Nb1a3 Ng8e7
15.b3 O-O
16.Ng1f3 Qe5f6
17.Qd1d4 Rf8d8
18.Qd4xf6 gxf6
19.Na3c4 b5
20.Nc4e3 Nb4c2
21.Ne3xf5 Ne7xf5
22.Ra1d1 Nf5d4
23.Nf3xd4 Nc2xd4
24.Be2d3 Nd4xb3
25.Ke2 Nb3d4
26.Ke3 Rc8c3
27.f3 b4
28.Kf2 Kg7
29.Rh1e1 Nd4c2
30.Bd3e4 Nc2d4
31.Rd1d2 Nd4e6
32.Rd2xd8 Ne6xd8
33.Re1d1 Nd8e6
34.Rd1d7 a5
 { time }
0-1

[Event "Match"]
[Site "www.echecsemail.com"]
[Date "2016.01.28"]
[Round "1"]
[White "Osmundw"]
[Black "Woody"]
[WhiteElo "1410"]
[BlackElo "1499"]
[Result "0-1"]
[Round "1"]
1.d4 Ng8f6
2.e3 g6
3.f3 d5
4.b3 Nb8c6
5.c4 e6
6.Bc1b2 Bf8g7
7.e4 dxe4
8.fxe4 Nf6xe4
9.Bf1d3 Qd8h4
10.g3 Ne4xg3
11.d5 Ng3e4
12.Ke2 Qh4f2
{ resign }
0-1

[Event "Match"]
[Site "www.echecsemail.com"]
[Date "2016.01.28"]
[Round "1"]
[White "Karlgrocer"]
[Black "Goosebumps"]
[WhiteElo "1960"]
[BlackElo "2060"]
[Result "1-0"]
[Round "1"]
1.Ng1f3 d5
2.e3 c5
3.Bf1e2 Nb8c6
4.O-O e5
5.b3 Ng8f6
6.Bc1b2 Bf8d6
7.d3 O-O
8.e4 dxe4
9.dxe4 Nf6xe4
10.Nb1d2 Ne4xd2
11.Qd1xd2 e4
12.Qd2c3 Qd8f6
13.Qc3xf6 gxf6
14.Nf3d2 f5
15.Nd2c4 Bd6e7
16.f3 b5
17.Nc4e3 a6
18.Ne3d5 Be7d6
19.Nd5f6 Kg7
20.Nf6d7 Kg6
21.Nd7xf8 Bd6xf8
22.fxe4 fxe4
23.c3 Bf8g7
24.Rf1f4 f5
25.Ra1f1 Nc6e7
26.Bb2a1 Ne7d5
27.Rf4f2 Nd5xc3
28.Rf1e1 Nc3xa2
29.Ba1xg7 Kxg7
30.Be2f1 Na2c3
31.Rf2d2 Bc8e6
32.Rd2b2 Ra8d8
33.Rb2c2 b4
34.Bf1xa6 Be6xb3
35.Rc2f2 Kg6
36.Re1f1 Bb3e6
37.g4 Rd8d1
38.gxf5 Be6xf5
39.Rf2xf5 Rd1xf1
40.Rf5xf1 b3
41.Rf1f2  { time }
1-0